000 00638nam a2200181Ia 4500
008 090124s9999 xx 000 0 und d
082 _b22141
100 _aमथुरे सुरेश
245 _a विज्ञानाचे वाटाडे भाग 4
250 _a0
260 _bअनिरुद्ध साहित्य
_c1984
300 _a69
600 _aमथुरे सुरेश
630 _a विज्ञानाचे वाटाडे भाग 4
700 _aमथुरे सुरेश
730 _a विज्ञानाचे वाटाडे भाग 4
942 _cBOOK
999 _c92702
_d92702